| 000 | 00613nam a2200193 4500 | ||
|---|---|---|---|
| 001 | 121724 | ||
| 003 | ES-MaACL | ||
| 005 | 20230906191817.0 | ||
| 007 | t| | ||
| 008 | 070214s1902 it r ||||1| ita d | ||
| 100 | 1 |
_aPortigliotti, Giuseppe. _993244 |
|
| 245 | 1 | 3 |
_aUn grande monomane _b: fra Girolano Savonarola / _cGiuseppe Portigliotti. |
| 260 |
_aTorino : _bFratelli Bocca Editori, _c1902. |
||
| 300 |
_a98 p. ; _c24 cm. |
||
| 490 | 1 |
_aBiblioteca antropologico-giuridica ; _v45 |
|
| 830 | 0 |
_aBiblioteca antropologico-giuridica ; _v45 _9218778 |
|
| 852 |
_aES-MaACL _jT-1452-F-3 |
||
| 999 |
_c121724 _d121724 |
||